000 00290nmm a2200097Ia 4500
008 220120s9999||||xx |||||||||||||||||und||
020 _a978-0-07-060092-8
100 _aPCQ
245 0 _a5 free sdks for mobile application development , 30 essentia
260 _aCyber media Pvt. Ltd.
_bNew Delhi
999 _c139926
_d139926